000 00383cam a22001097a 4500
008 180718b1945 xxu||||| |||| 00| 0 eng d
082 _aB811x73 C16c/45a
100 _aCanada. Cabinet Committee on Dominion Provincial Relations
245 _aDominion-Provincial conference on Reconstruction: proposals of the Government of Canada
260 _aOttawa
_bThe author
_c1945
300 _a52p.
999 _c488895
_d488895